[Event "Madrid ch 2017-2018 Veteranos"]
[Site "Madrid ESP"]
[Date "2018.01.18"]
[Round "9.16"]
[White "Rodriguez Bernal, Herman"]
[Black "Serrano Garcia, Vicente"]
[Result "0-1"]
[WhiteElo "1744"]
[BlackElo "1817"]
[PlyCount "98"]
[EventDate "2018.01.08"]
[EventType "swiss"]
[EventRounds "9"]
[EventCountry "ESP"]
[SourceTitle "Ajedrez en Madrid"]
[Source "lmi"]
[SourceDate "2018.01.08"]
[SourceVersion "1"]
[SourceVersionDate "2018.01.25"]
[SourceQuality "1"]

1. d4 d5 2. c4 e6 3. Nc3 Nf6 4. Bg5 Nbd7 5. e3 c6 6. Nf3 Qa5 7. Nd2 dxc4 8.
Bxf6 Nxf6 9. Bxc4 Bb4 10. Rc1 Nd5 11. Qb3 O-O 12. O-O Nxc3 13. bxc3 Ba3 14. Rb1
b5 15. Bd3 a6 16. Qc2 h6 17. f4 c5 18. Rf3 cxd4 19. exd4 Bb7 20. Rg3 Rac8 21.
Nc4 bxc4 22. Bh7+ Kh8 23. Rxb7 Rb8 24. Be4 Rxb7 25. Bxb7 Rb8 26. Be4 Rb2 27.
Qd1 Rxa2 28. Qg4 Ra1+ 29. Kf2 Bf8 30. f5 Qa2+ 31. Qe2 Qb3 32. Qh5 Qb2+ 33. Qe2
Qc1 34. Qxc4 Qf4+ 35. Bf3 Rd1 36. fxe6 Rd2+ 37. Kf1 Qe3 38. Be2 Qxe6 39. Qxe6
fxe6 40. Bxa6 g5 41. Re3 Rc2 42. Bc4 e5 43. dxe5 Rc1+ 44. Ke2 Rc2+ 45. Kf3 Bc5
46. Rd3 Rf2+ 47. Kg3 Rf4 48. Rd8+ Kg7 49. Be2 Bf2+ 0-1

[Event "Madrid ch 2017-2018 Veteranos"]
[Site "Madrid ESP"]
[Date "2018.01.18"]
[Round "9.17"]
[White "Peña Marina, Jose Maria"]
[Black "Rodriguez Bachiller, Luis"]
[Result "1-0"]
[WhiteElo "1705"]
[BlackElo "1634"]
[PlyCount "59"]
[EventDate "2018.01.08"]
[EventType "swiss"]
[EventRounds "9"]
[EventCountry "ESP"]
[SourceTitle "Ajedrez en Madrid"]
[Source "lmi"]
[SourceDate "2018.01.08"]
[SourceVersion "1"]
[SourceVersionDate "2018.01.25"]
[SourceQuality "1"]

1. c4 Nf6 2. Nc3 g6 3. Nf3 Bg7 4. g3 O-O 5. Bg2 d6 6. d4 c6 7. O-O Be6 8. d5
cxd5 9. cxd5 Bd7 10. Be3 Na6 11. Rc1 b6 12. Qd2 Nc5 13. Nd4 Rc8 14. h3 e5 15.
dxe6 Nxe6 16. Nxe6 Bxe6 17. Rfd1 d5 18. Bd4 Qd7 19. Kh2 Rfe8 20. b3 Re7 21. e3
Qb7 22. Bxf6 Bxf6 23. Nxd5 Bxd5 24. Qxd5 Rb8 25. Qxb7 Rbxb7 26. Bxb7 Rxb7 27.
Rc8+ Kg7 28. Rdc1 Rd7 29. R1c7 Rd2 30. Rc2 1-0

[Event "Madrid ch 2017-2018 Veteranos"]
[Site "Madrid ESP"]
[Date "2018.01.18"]
[Round "9.18"]
[White "Martinez Miura, Enrique"]
[Black "Martinez Carrasco, Jesus"]
[Result "0-1"]
[WhiteElo "1637"]
[BlackElo "1568"]
[PlyCount "82"]
[EventDate "2018.01.08"]
[EventType "swiss"]
[EventRounds "9"]
[EventCountry "ESP"]
[SourceTitle "Ajedrez en Madrid"]
[Source "lmi"]
[SourceDate "2018.01.08"]
[SourceVersion "1"]
[SourceVersionDate "2018.01.25"]
[SourceQuality "1"]

1. e4 c5 2. c4 d6 3. Nc3 Nf6 4. g3 a6 5. Bg2 Nc6 6. Nge2 Qc7 7. O-O e6 8. d4
cxd4 9. Nxd4 Be7 10. Nxc6 bxc6 11. Be3 Rb8 12. Qe2 O-O 13. Rac1 Bb7 14. f4 Ba8
15. Kh1 Nd7 16. b3 Bf6 17. Qf2 Qa5 18. Bd4 e5 19. fxe5 Nxe5 20. Qc2 Nd7 21. Rf5
c5 22. Bxf6 Nxf6 23. Nd5 Nxd5 24. exd5 Rbe8 25. Qf2 Qc7 26. Re1 Bb7 27. Be4 g6
28. Rf4 Qe7 29. Re2 f5 30. Bd3 Qf6 31. Re3 Qa1+ 32. Kg2 Rxe3 33. Qxe3 Qxa2+ 34.
Kh3 Bc8 35. Qe7 Qxb3 36. Rh4 Qb7 37. Qxd6 f4+ 38. g4 f3 39. Qe5 Qf7 40. Kg3 f2
41. Bf1 Qf3# 0-1

[Event "Madrid ch 2017-2018 Veteranos"]
[Site "Madrid ESP"]
[Date "2018.01.18"]
[Round "9.19"]
[White "Cupeiro Fernandez, Manuel"]
[Black "Perez Gonzalez, Jesus Miguel"]
[Result "0-1"]
[WhiteElo "1552"]
[BlackElo "1626"]
[PlyCount "52"]
[EventDate "2018.01.08"]
[EventType "swiss"]
[EventRounds "9"]
[EventCountry "ESP"]
[SourceTitle "Ajedrez en Madrid"]
[Source "lmi"]
[SourceDate "2018.01.08"]
[SourceVersion "1"]
[SourceVersionDate "2018.01.25"]
[SourceQuality "1"]

1. e4 d6 2. Nf3 e5 3. Bc4 Be7 4. h3 Nf6 5. d3 O-O 6. Be3 a6 7. a3 c5 8. Nc3 b5
9. Bd5 Nxd5 10. Nxd5 Nd7 11. O-O Nf6 12. Nxe7+ Qxe7 13. Bg5 h6 14. Bh4 Qe6 15.
Nh2 g5 16. Bg3 Kh7 17. Re1 Rg8 18. f3 Nh5 19. Nf1 Nf4 20. Bxf4 gxf4 21. Kh1 Qg6
22. Re2 Bxh3 23. Qd2 Be6 24. Nh2 Qh5 25. Rg1 Rg5 26. Qe1 Qxh2+ 0-1

[Event "Madrid ch 2017-2018 Veteranos"]
[Site "Madrid ESP"]
[Date "2018.01.18"]
[Round "9.20"]
[White "Fernandez Aransay, Fernando"]
[Black "Bellagamba, Pascal"]
[Result "0-1"]
[WhiteElo "1825"]
[BlackElo "1596"]
[PlyCount "39"]
[EventDate "2018.01.08"]
[EventType "swiss"]
[EventRounds "9"]
[EventCountry "ESP"]
[SourceTitle "Ajedrez en Madrid"]
[Source "lmi"]
[SourceDate "2018.01.08"]
[SourceVersion "1"]
[SourceVersionDate "2018.01.25"]
[SourceQuality "1"]

1. e4 d6 2. d4 Nf6 3. Nc3 c6 4. f3 Nbd7 5. Be3 e5 6. Nge2 Be7 7. Qd2 a6 8.
O-O-O b5 9. g4 Nb6 10. dxe5 Nc4 11. Qd3 Nxe5 12. Qd2 Nxf3 13. Qd3 Ne5 14. Qd2
Nc4 15. Qd3 Nxg4 16. Bd4 Bg5+ 17. Kb1 Nge5 18. Qg3 Bf6 19. Nf4 Bg5 20. Re1 0-1

[Event "Madrid ch 2017-2018 Veteranos"]
[Site "Madrid ESP"]
[Date "2018.01.18"]
[Round "9.22"]
[White "Martinez Martinez, Javier II"]
[Black "Beekhof Harmsen, Willen"]
[Result "1/2-1/2"]
[WhiteElo "1644"]
[BlackElo "1543"]
[PlyCount "68"]
[EventDate "2018.01.08"]
[EventType "swiss"]
[EventRounds "9"]
[EventCountry "ESP"]
[SourceTitle "Ajedrez en Madrid"]
[Source "lmi"]
[SourceDate "2018.01.08"]
[SourceVersion "1"]
[SourceVersionDate "2018.01.25"]
[SourceQuality "1"]

1. d4 Nf6 2. Bg5 Ne4 3. Bh4 g5 4. f3 gxh4 5. fxe4 Bg7 6. e3 c5 7. Nf3 cxd4 8.
exd4 Nc6 9. e5 d6 10. exd6 Qxd6 11. c3 Bg4 12. Nbd2 O-O-O 13. Qc2 Kb8 14. Be2
Qg6 15. Qxg6 hxg6 16. Ng5 Be6 17. Nxe6 fxe6 18. O-O e5 19. d5 Rxd5 20. Ne4 Bf6
21. Bc4 Rdd8 22. Nxf6 exf6 23. Rxf6 Na5 24. Be2 Rd2 25. Rf2 Rxb2 26. Bd3 Rxf2
27. Kxf2 Rf8+ 28. Ke3 g5 29. g3 hxg3 30. hxg3 Nc6 31. Rh1 Ne7 32. Be4 Rc8 33.
Kd3 Rd8+ 34. Ke3 Rc8 1/2-1/2

[Event "Madrid ch 2017-2018 Veteranos"]
[Site "Madrid ESP"]
[Date "2018.01.18"]
[Round "9.23"]
[White "De Los Rios Camacho, Juan Antoni"]
[Black "Salgado Duarte, Pablo"]
[Result "1/2-1/2"]
[WhiteElo "1624"]
[BlackElo "1522"]
[PlyCount "109"]
[EventDate "2018.01.08"]
[EventType "swiss"]
[EventRounds "9"]
[EventCountry "ESP"]
[SourceTitle "Ajedrez en Madrid"]
[Source "lmi"]
[SourceDate "2018.01.08"]
[SourceVersion "1"]
[SourceVersionDate "2018.01.25"]
[SourceQuality "1"]

1. e4 c5 2. Nf3 Nc6 3. d3 e5 4. Be2 Nf6 5. c3 d6 6. Nbd2 Be7 7. h3 h6 8. Nf1
O-O 9. Qc2 Be6 10. g4 Nh7 11. Be3 Ng5 12. N1d2 d5 13. Nxg5 hxg5 14. exd5 Bxd5
15. Bf3 a6 16. Ne4 Rc8 17. Qe2 b5 18. Nxc5 Bxc5 19. Bxc5 Re8 20. Be4 Nb8 21.
Be3 Bxe4 22. dxe4 f6 23. O-O Nc6 24. Rfd1 Qe7 25. Rd5 Qb7 26. Rad1 Ne7 27. Rd6
Ra8 28. Qc2 Ng6 29. Bxg5 Nf4 30. Bxf4 exf4 31. f3 Qe7 32. Qb3+ Kh7 33. Qd5 Qa7+
34. Rd4 Re5 35. Rd7 Rxd5 36. Rxa7 Rxd4 37. Rxa8 Rd1+ 38. Kf2 Rd2+ 39. Ke1 Rxb2
40. Rxa6 Rb1+ 41. Ke2 Rb2+ 42. Kd1 Rf2 43. Ra5 Rxf3 44. Rxb5 Rxc3 45. a4 Rc4
46. a5 Rxe4 47. a6 Ra4 48. Rh5+ Kg6 49. Rf5 Rxa6 50. Rxf4 Ra2 51. Ke1 Rh2 52.
Rf3 Kg5 53. Rf5+ Kh4 54. Rh5+ Kg3 55. Rh7 1/2-1/2

[Event "Madrid ch 2017-2018 Veteranos"]
[Site "Madrid ESP"]
[Date "2018.01.18"]
[Round "9.24"]
[White "Ramos Antona, Enrique"]
[Black "Sierra Garcia, Ricardo"]
[Result "1-0"]
[WhiteElo "1608"]
[BlackElo "1343"]
[PlyCount "67"]
[EventDate "2018.01.08"]
[EventType "swiss"]
[EventRounds "9"]
[EventCountry "ESP"]
[SourceTitle "Ajedrez en Madrid"]
[Source "lmi"]
[SourceDate "2018.01.08"]
[SourceVersion "1"]
[SourceVersionDate "2018.01.25"]
[SourceQuality "1"]

1. d4 Nf6 2. c4 e6 3. Nc3 Bb4 4. a3 Be7 5. e4 d5 6. e5 Nfd7 7. Qg4 Bf8 8. Bg5
h5 9. Qg3 Be7 10. Bxe7 Kxe7 11. cxd5 Kf8 12. dxe6 fxe6 13. Nf3 h4 14. Qf4+ Kg8
15. h3 Qf8 16. Qxf8+ Nxf8 17. Nb5 Na6 18. Rc1 c5 19. Nd6 Nd7 20. Bc4 Nc7 21.
dxc5 Nxc5 22. Kd2 a6 23. b4 Nd7 24. Bb3 Nb5 25. Nxc8 Nf8 26. a4 Na7 27. Nxa7
Rxa7 28. Rc8 b5 29. a5 Rh6 30. Ng5 Re7 31. Re1 Rd7+ 32. Ke3 Rh5 33. f4 Re7 34.
Bxe6+ 1-0

[Event "Madrid ch 2017-2018 Veteranos"]
[Site "Madrid ESP"]
[Date "2018.01.18"]
[Round "9.25"]
[White "Abad Martin-Camuñas, Luis"]
[Black "Perales Hernandez, Manuel"]
[Result "0-1"]
[WhiteElo "1408"]
[BlackElo "1302"]
[PlyCount "52"]
[EventDate "2018.01.08"]
[EventType "swiss"]
[EventRounds "9"]
[EventCountry "ESP"]
[SourceTitle "Ajedrez en Madrid"]
[Source "lmi"]
[SourceDate "2018.01.08"]
[SourceVersion "1"]
[SourceVersionDate "2018.01.25"]
[SourceQuality "1"]

1. c4 c5 2. Nc3 d6 3. g3 e6 4. Bg2 Ne7 5. d3 h6 6. Bf4 Qb6 7. Rb1 g5 8. Be3 Bg7
9. Bd2 Bd7 10. e3 Bc6 11. e4 Nd7 12. Nge2 Ne5 13. Be3 f5 14. O-O O-O-O 15. b3
f4 16. gxf4 gxf4 17. Bxf4 Ng4 18. Bg3 Qa5 19. Nf4 Nxf2 20. Rxf2 Bxc3 21. Nxe6
Rdg8 22. Bxd6 Bd7 23. Nxc5 Bd4 24. Bxe7 Bh3 25. Qe2 Bxf2+ 26. Qxf2 Rxg2+ 0-1

[Event "Madrid ch 2017-2018 Veteranos"]
[Site "Madrid ESP"]
[Date "2018.01.18"]
[Round "9.26"]
[White "Martin Rodriguez, Jose Luis"]
[Black "Infante Martin, Alonso"]
[Result "0-1"]
[WhiteElo "1302"]
[BlackElo "1345"]
[PlyCount "44"]
[EventDate "2018.01.08"]
[EventType "swiss"]
[EventRounds "9"]
[EventCountry "ESP"]
[SourceTitle "Ajedrez en Madrid"]
[Source "lmi"]
[SourceDate "2018.01.08"]
[SourceVersion "1"]
[SourceVersionDate "2018.01.25"]
[SourceQuality "1"]

1. c4 e6 2. Nc3 c6 3. Nf3 d5 4. cxd5 exd5 5. d4 Nf6 6. e3 Bd6 7. Bd3 O-O 8. O-O
Re8 9. Re1 Bg4 10. Be2 Nbd7 11. Nh4 Bxe2 12. Qxe2 Ne4 13. Nf3 Ndf6 14. h3 h6
15. Qc2 Qd7 16. Ne2 g5 17. Nc3 g4 18. Nxe4 Nxe4 19. hxg4 Qxg4 20. Qe2 Kh7 21.
Nh2 Qg6 22. Qg4 Bxh2+ 0-1

[Event "Madrid ch 2017-2018 Veteranos"]
[Site "Madrid ESP"]
[Date "2018.01.18"]
[Round "9.27"]
[White "Perez Ramos, Miguel Angel"]
[Black "Perez Gonzalez, Eugenio"]
[Result "1-0"]
[WhiteElo "1145"]
[BlackElo "1518"]
[PlyCount "93"]
[EventDate "2018.01.08"]
[EventType "swiss"]
[EventRounds "9"]
[EventCountry "ESP"]
[SourceTitle "Ajedrez en Madrid"]
[Source "lmi"]
[SourceDate "2018.01.08"]
[SourceVersion "1"]
[SourceVersionDate "2018.01.25"]
[SourceQuality "1"]

1. e4 c5 2. Bc4 Nc6 3. c3 d6 4. h3 Nf6 5. d3 Bd7 6. Nf3 e5 7. Be3 Be7 8. Nbd2
O-O 9. a3 Kh8 10. O-O Qc8 11. b4 b6 12. Qb3 Be6 13. Ng5 Bxc4 14. Qxc4 Qe8 15.
Ngf3 Rb8 16. Qb3 Nd7 17. Qd1 f5 18. exf5 Rxf5 19. Nh2 Qg6 20. Ne4 d5 21. Ng3
Rf7 22. Rc1 Nf6 23. Nf3 h6 24. Nh4 Qh7 25. Nf3 e4 26. dxe4 dxe4 27. Ne1 Rd8 28.
Qb3 Rff8 29. Qe6 Rd6 30. Qc4 Rfd8 31. Nc2 Ne5 32. Qe2 R8d7 33. f3 Rd3 34. f4
Nf7 35. f5 Rxc3 36. Qe1 Rcd3 37. Rf4 Nd5 38. Rxe4 Bf8 39. Re8 Qg8 40. Nh5 cxb4
41. axb4 Nf6 42. Nxf6 gxf6 43. Bd4 Kh7 44. Bxf6 Rg3 45. Ne3 Ng5 46. Qxg3 Qf7
47. Rcc8 1-0